000 01235nam a2200265Ia 4500
003 OSt
005 20220930095022.0
006 a|||||r|||| 00| 0
007 ta
008 220926b |||||||| |||| 00| 0 san d
024 _a66327
037 _cTheses
040 _aCRL
_cCRL
_bsan
041 _2san
_asan
100 _aअरोड़ा, रेखा, ले.
110 _aदिल्ली विश्वविद्यालय. कला संकाय. संस्कृत विभाग
245 0 _aकौण्डभट्ट एवं नागेशभट्ट द्वारा उपस्थापित मीमांसासम्मत भाषादर्शन, प्रियंका शर्मा
246 _aKauṇḍabhaṭṭa evan nāgeshabhaṭṭa dvārā upasthāpit mīmāansāsammat bhāṣhādarshana, priyankā sharmā
260 _c2019
300 _a483पृ0
_ap.
_ccm.
650 _aसंस्कृत साहित्य
700 _aदिल्ली विश्वविद्यालय. कला संकाय. संस्कृत विभाग
942 _cDIS
_2CC
999 _c888173
_d888173